000 00436nam a2200169Ia 4500
008 230524s9999 xx 000 0 und d
020 _a8120308484
082 _a4.165
_bRAF
100 _aMohamed Rafiquzzaman
245 0 _aMicroprocessor Theory and Applications : Intel and Motorola
250 _a1ST
260 _aNEW DELHI
_bPHI
_c2005
300 _aVII;461
500 _aQuantity Number: 42
650 _aComp-Sc
942 _cBK
999 _c33494
_d33494